000 00595nam a2200193Ia 4500
001 18708
003 GE_BSU
008 181216s||||||||xx |||||||||||||| ||und||
040 _cGE_BSU
245 _aВокруг света №12 (2915) 2016.
245 _bжурнал русского географического общества
260 _aМосква
260 _c2016
300 _a152стп,фото,30см
520 _aЮбилейны выпуск к 155-летию журнала
653 _aВокруг света
653 _aპერიოდიკა
942 _cCR
999 _c51717
_d51717